000 00326pab a2200145 454500
008 180718b2003 xxu||||| |||| 00| 0 eng d
100 _aShukla, S.P.
245 _aThe meaning of Cancum
260 _c2003
300 _ap.3-4.
362 _a20 Sep
650 _aInternational trade
773 _aMainstream
909 _a58036
999 _c58036
_d58036